El sistema penitenciario y los presos políticos durante la configuración de una nueva estrategia represiva del Estado argentino (1966-1976) /

Este artículo se propone examinar las principales transformaciones en el Servicio Penitenciario Federal (SPF) y en las cárceles argentinas tras el golpe de estado del año 1966. En particular analizaremos la adaptación de estas instituciones de control social ante el exponencial crecimiento de los pr...

Descripción completa

Detalles Bibliográficos
Autor principal: D'Antonio, Débora
Otros Autores: Eidelman, Ariel
Formato: Analitica de revista
Lenguaje:español
Publicado: Madrid, España Iberoamericana Editorial 2010
Materias:

MARC

LEADER 00000cab a2200000 a 4500
001 034355
003 UAHC_CL
005 20170803123732.0
008 110308b2010 sp 000 spa
040 |a UAHC_CL  |c UAHC_CL  |d UAHC_CL 
100 1 |a D'Antonio, Débora 
245 1 3 |a El sistema penitenciario y los presos políticos durante la configuración de una nueva estrategia represiva del Estado argentino (1966-1976) /  |c Débora D'Antonio, Ariel Eidelman. 
260 |b Iberoamericana Editorial  |a Madrid, España  |c 2010 
300 |a pp. 93-111 
500 |a En: Iberoamericana. América Latina - España - Portugal. Ensayos sobre letras, historia y sociedad. Año X, no. 40, diciembre 2010. pp. 93-111. ISSN: 1577-3388. 
500 |a En: Iberoamericana. América Latina - España - Portugal. Ensayos sobre letras, historia y sociedad. Año X, no. 40, diciembre 2010. pp. 93-111. ISSN: 1577-3388. 
520 |a Este artículo se propone examinar las principales transformaciones en el Servicio Penitenciario Federal (SPF) y en las cárceles argentinas tras el golpe de estado del año 1966. En particular analizaremos la adaptación de estas instituciones de control social ante el exponencial crecimiento de los presos políticos en la década que va desde 1966 hasta 1976. 
520 |a Este artículo se propone examinar las principales transformaciones en el Servicio Penitenciario Federal (SPF) y en las cárceles argentinas tras el golpe de estado del año 1966. En particular analizaremos la adaptación de estas instituciones de control social ante el exponencial crecimiento de los presos políticos en la década que va desde 1966 hasta 1976. 
650 4 |a SISTEMA PENITENCIARIO 
650 4 |a GOLPE DE ESTADO 
650 4 |a CARCELES 
651 4 |a ARGENTINA 
700 1 |a Eidelman, Ariel 
759 |a PP079 
773 0 |t Iberoamericana : América Latina - España - Portugal : Ensayos sobre letras, historia y sociedad. Notas. Reseñas iberoamericanas.  |w 034315 
900 |a IBEROAMERICANA-40/10 
942 |c REVA 
952 |0 0  |1 0  |4 0  |6 IBEROAMERICANA_40_10_000000000000000  |7 0  |8 General  |9 65549  |a BC  |b BC  |c General  |d 2017-08-03  |l 0  |o IBEROAMERICANA-40/10  |p FICTICIO3982  |r 2019-01-08 00:00:00  |t 1  |w 2017-08-03  |y REVA 
999 |c 34355  |d 34355